000 00279nam a2200121Ia 4500
008 190216s9999||||xx |||||||||||||| ||und||
100 _aGupta R R & Gupta V S
245 0 _aElements Of Income Tax
260 _bNull
_c1978
300 _a414p
650 _aCommerce
942 _cBK
999 _c4394
_d4394